00212nam a2200073Ia 4500082001700000245003100017100004900048008004100097 aJ 912.19 WRI 0aPhilip's children's atlas  a Wright, David London, 1994 6th rev. ed 210817s9999 xx 000 0 und d